000
00340pam a2200157a 44500
008
230515b1986 xxu||||| |||| 00| 0 eng d
020
_a
NULL
041
_a
ENGL
082
_a
005.7565 /WIL
100
_a
WILLIAMS R.
245
_a
MANUAL DBASE-3
250
_a
N.D.
260
_a
NULL
_b
B.P.B
_c
1986
300
_a
233 PB
650
_a
NULL
999
_c
622382
_d
622382